Cartoon Cats - Statistics

General Stats
  • This quiz has been taken 114 times
    99 since last reset
  • The average score is 8 of 16
Answer Stats
Picture Answer % Correct
Garfield
100%
Tom
97%
Hello Kitty
88%
Sylvester
71%
Cheshire
57%
Berlioz, Marie, Toulouse
54%
Felix
53%
Scratchy
46%
Meowth
43%
Stimpy
40%
Top Cat
40%
Figaro
29%
Azrael
19%
Penelope Pussycat
10%
Eek
9%
Fat Cat
9%
No matching quizzes found
Score Distribution
Percent of People with Each Score
Percentile by Number Answered
Your Score History
You have not taken this quiz since the last reset